000 00905nam a2200229Ia 4500
003 OSt
005 20220923220321.0
006 a|||||r|||| 00| 0
007 ta
008 220922b |||||||| |||| 00| 0 hin d
024 _a185,952
037 _cTextual
040 _aARTS
_cARTS
_bhin
041 _2hin
_ahin
082 _aY173P15:1:D, 152K9
100 _aकोसाम्बी, डी0 डी0
_9160419
245 0 _aप्राचीन भारत की संस्कृति और सभ्यता* एक ऐतिहासिक रूप रेखा, अनु नेमिचन्द्र जैन
246 _aPrāchīn bhārat kī sanskṛuti aur sabhyatā: ek aitihāsik rūp rekhā, anu0 nemichandra jaina
260 _c1969
942 _hY173P15:1:D, 152K9
_cTEXL
_2CC
999 _c339197
_d339197